<?xml version="1.0" encoding="UTF-8"?>
<record
    xmlns:xsi="http://www.w3.org/2001/XMLSchema-instance"
    xsi:schemaLocation="http://www.loc.gov/MARC21/slim http://www.loc.gov/standards/marcxml/schema/MARC21slim.xsd"
    xmlns="http://www.loc.gov/MARC21/slim">

  <leader>02456njm a2200457Ia 4500</leader>
  <controlfield tag="001">26096</controlfield>
  <controlfield tag="003">IT-RoPAU</controlfield>
  <controlfield tag="005">20220918181113.0</controlfield>
  <controlfield tag="008">131025s9999    xx            000 0 und d</controlfield>
  <datafield tag="040" ind1=" " ind2=" ">
    <subfield code="a">IT-RoPAU</subfield>
    <subfield code="c">IT-RoPAU</subfield>
  </datafield>
  <datafield tag="040" ind1=" " ind2=" ">
    <subfield code="c">IT-RoPAU</subfield>
  </datafield>
  <datafield tag="041" ind1=" " ind2=" ">
    <subfield code="a">ITALIANO</subfield>
  </datafield>
  <datafield tag="999" ind1=" " ind2=" ">
    <subfield code="c">99119</subfield>
    <subfield code="d">99119</subfield>
  </datafield>
  <datafield tag="999" ind1=" " ind2=" ">
    <subfield code="b">NO</subfield>
  </datafield>
  <datafield tag="100" ind1=" " ind2=" ">
    <subfield code="a">Lanzoni Paolo</subfield>
    <subfield code="9">782</subfield>
  </datafield>
  <datafield tag="100" ind1=" " ind2=" ">
    <subfield code="e">Autore musica</subfield>
    <subfield code="9">783</subfield>
  </datafield>
  <datafield tag="100" ind1=" " ind2=" ">
    <subfield code="g">Codice autore musica SPICS: 10975</subfield>
    <subfield code="9">784</subfield>
  </datafield>
  <datafield tag="245" ind1=" " ind2=" ">
    <subfield code="a">S&#xEC;, Natale</subfield>
  </datafield>
  <datafield tag="250" ind1=" " ind2=" ">
    <subfield code="a">1a ed.</subfield>
  </datafield>
  <datafield tag="260" ind1=" " ind2=" ">
    <subfield code="a">ALBANO</subfield>
  </datafield>
  <datafield tag="260" ind1=" " ind2=" ">
    <subfield code="b">EP - MUSICALI E DISCOGRAFICHE</subfield>
    <subfield code="c">1984 [1a Ed.:1984 - Ed. Lingua Orig.: 1984]</subfield>
  </datafield>
  <datafield tag="300" ind1=" " ind2=" ">
    <subfield code="a">MUSICASSETTA</subfield>
  </datafield>
  <datafield tag="300" ind1=" " ind2=" ">
    <subfield code="c">46 minuti (Testo:  pag.)</subfield>
  </datafield>
  <datafield tag="500" ind1=" " ind2=" ">
    <subfield code="a">Musica religiosa. Canti di Natale</subfield>
  </datafield>
  <datafield tag="505" ind1=" " ind2=" ">
    <subfield code="a">Cantilena popolare (4:00) - Pastorale (4:00) - Pastorale in sol minore (4:00) - Capriccio pastorale (3:00) - Pastorale in do (4:00) - Pastorale (6:00) - Fuga pastorale (3:00) - Sinfonia pastorale (3:00) - Noel (6:00) - Pastorale (6:00) - Marcia pastorale (3:00)</subfield>
  </datafield>
  <datafield tag="650" ind1=" " ind2=" ">
    <subfield code="a">RELIGIOSO [CASSETTE]</subfield>
    <subfield code="e">Codice MATERIA SPICS: 9951</subfield>
    <subfield code="9">785</subfield>
  </datafield>
  <datafield tag="700" ind1=" " ind2=" ">
    <subfield code="a">Recalcati Carlo</subfield>
    <subfield code="e">Interprete</subfield>
    <subfield code="g">Codice interprete SPICS: 11110</subfield>
    <subfield code="9">786</subfield>
  </datafield>
  <datafield tag="700" ind1=" " ind2=" ">
    <subfield code="a">Recalcati Carlo</subfield>
    <subfield code="g">Codice autore SPICS: 11110</subfield>
    <subfield code="9">787</subfield>
    <subfield code="e">Autore</subfield>
  </datafield>
  <datafield tag="700" ind1=" " ind2=" ">
    <subfield code="a">Lanzoni Paolo</subfield>
    <subfield code="g">Codice autore testo/musica SPICS: 10975</subfield>
    <subfield code="e">Autore testo/musica</subfield>
    <subfield code="9">15621</subfield>
  </datafield>
  <datafield tag="700" ind1=" " ind2=" ">
    <subfield code="a">Bottazzo L.</subfield>
    <subfield code="g">Codice autore musica SPICS: 16928</subfield>
    <subfield code="e">Autore musica</subfield>
    <subfield code="p">Cantilena popolare</subfield>
    <subfield code="9">15622</subfield>
  </datafield>
  <datafield tag="700" ind1=" " ind2=" ">
    <subfield code="a">Niedermeyer L.</subfield>
    <subfield code="g">Codice autore musica SPICS: 16929</subfield>
    <subfield code="e">Autore musica</subfield>
    <subfield code="p">Pastorale</subfield>
    <subfield code="9">15623</subfield>
  </datafield>
  <datafield tag="700" ind1=" " ind2=" ">
    <subfield code="a">Mattioli G.</subfield>
    <subfield code="g">Codice autore musica SPICS: 16930</subfield>
    <subfield code="e">Autore musica</subfield>
    <subfield code="p">Pastorale in sol minore</subfield>
    <subfield code="9">15624</subfield>
  </datafield>
  <datafield tag="700" ind1=" " ind2=" ">
    <subfield code="a">Frescobaldi Girolamo</subfield>
    <subfield code="g">Codice autore musica SPICS: 12254</subfield>
    <subfield code="e">Autore musica</subfield>
    <subfield code="p">Capriccio pastorale</subfield>
    <subfield code="9">15625</subfield>
  </datafield>
  <datafield tag="700" ind1=" " ind2=" ">
    <subfield code="a">Zipoli Domenico</subfield>
    <subfield code="g">Codice autore musica SPICS: 7835</subfield>
    <subfield code="e">Autore musica</subfield>
    <subfield code="p">Pastorale in do</subfield>
    <subfield code="9">15626</subfield>
  </datafield>
  <datafield tag="700" ind1=" " ind2=" ">
    <subfield code="a">Saladino M.</subfield>
    <subfield code="g">Codice autore musica SPICS: 16931</subfield>
    <subfield code="e">Autore musica</subfield>
    <subfield code="p">Pastorale</subfield>
    <subfield code="9">15627</subfield>
  </datafield>
  <datafield tag="700" ind1=" " ind2=" ">
    <subfield code="a">Handel Georg Friedrich</subfield>
    <subfield code="g">Codice autore musica SPICS: 5619</subfield>
    <subfield code="e">Autore musica</subfield>
    <subfield code="p">Sinfonia pastorale</subfield>
    <subfield code="9">15628</subfield>
  </datafield>
  <datafield tag="700" ind1=" " ind2=" ">
    <subfield code="a">Kuhmstedt F.</subfield>
    <subfield code="g">Codice autore musica SPICS: 16932</subfield>
    <subfield code="e">Autore musica</subfield>
    <subfield code="p">Fuga pastorale</subfield>
    <subfield code="9">15629</subfield>
  </datafield>
  <datafield tag="700" ind1=" " ind2=" ">
    <subfield code="a">Daquin Louis Claude</subfield>
    <subfield code="g">Codice autore musica SPICS: 15793</subfield>
    <subfield code="e">Autore musica</subfield>
    <subfield code="p">Noel</subfield>
    <subfield code="9">15630</subfield>
  </datafield>
  <datafield tag="700" ind1=" " ind2=" ">
    <subfield code="a">Seegr J.</subfield>
    <subfield code="g">Codice autore musica SPICS: 16933</subfield>
    <subfield code="e">Autore musica</subfield>
    <subfield code="p">Pastorale</subfield>
    <subfield code="9">15631</subfield>
  </datafield>
  <datafield tag="700" ind1=" " ind2=" ">
    <subfield code="a">Remondi R.</subfield>
    <subfield code="g">Codice autore musica SPICS: 16934</subfield>
    <subfield code="e">Autore musica</subfield>
    <subfield code="p">Marcia pastorale</subfield>
    <subfield code="9">15632</subfield>
  </datafield>
  <datafield tag="942" ind1=" " ind2=" ">
    <subfield code="c">MC</subfield>
    <subfield code="2">ddc</subfield>
  </datafield>
  <datafield tag="952" ind1=" " ind2=" ">
    <subfield code="0">0</subfield>
    <subfield code="1">0</subfield>
    <subfield code="4">0</subfield>
    <subfield code="6">26096_000000000000000</subfield>
    <subfield code="7">1</subfield>
    <subfield code="a">SPICS</subfield>
    <subfield code="b">SPICS</subfield>
    <subfield code="d">2013-10-25</subfield>
    <subfield code="l">0</subfield>
    <subfield code="o">26096</subfield>
    <subfield code="r">2013-10-25 00:00:00</subfield>
    <subfield code="w">2013-10-25</subfield>
    <subfield code="y">MC</subfield>
    <subfield code="z">Progr. Ins.: 5962 / N.Vol.: 1 / Copie: 1 - Copia rara: NO / date import: 01.01.2014 - By Epidotti, Trombetti, Vaglietti</subfield>
  </datafield>
</record>
